Evénements du 11 novembre - Statistiques

Statistiques générales
  • Ce quiz a été pris 87 fois
  • Le résultat moyen est 8 sur 15
Statistiques - réponses
Hint Réponse % Correct
Signature de l'Armistice de la 1ère Guerre mondiale 1918
88%
Manifestation d'étudiants dans Paris occupé par les Allemands 1940
76%
Première minute de silence en mémoire des morts 1919
68%
Second triumvirat avec Octave, Marc Antoine et Lépide 43 avt J.C.
67%
Arrivée des Pères pélerins du Mayflower au Cap Cod 1620
60%
Naissance de Demi Moore, actrice 1962
57%
Début du siège de Rouen par Henri IV 1591
56%
Invasion de la zone libre par les Allemands 1942
56%
Mort de Fréderick de Klerk, ancien président d'Afrique-du-Sud 2021
53%
1er allumage de la flamme sous l'arc de triomphe 1923
50%
Inhumation du soldat inconnu sous l'arc de triomphe de l'Etoile à Paris 1920
49%
Election du pape Martin V, fin du Grand schisme 1417
47%
Indépendance de l'Angola 1975
46%
L'état de Washington devient le 42e état américain 1889
42%
Naissance du peintre Paul Signac 1863
36%
Aucun quiz correspondant
Distribution des résultats
% des personnes avec chaque résultat
Percentile par nombre de réponses
Votre historique - résultats
Vous n’avez pas pris ce quiz